• 首页
  • 本馆介绍
  • 公告通知
  • 最新文献
  • 馆藏检索
  • 电子资源
  • 读者导购
  • 参考咨询
  • 我的图书馆
  • 登录
  • 详细信息显示
  • 放入我的书架
  • 预约/预借图书
  • 作者相关作品
  • 分类相关作品
  • 丛书相关作品
  • 出版社相关作品

书目信息

  • 表格格式
  • 工作单格式
  • 卡片格式
题名:
苏联农业政策
    
 
作者: 索夫斯基 著 ;福建师范大学外语系 译
分册:  
出版信息: 北京   三联书店  1979
页数: 375页
开本: 19cm
丛书名:
单 册:
中图分类: F512.0
科图分类:
主题词: 农业政策--苏联 , 交通运输经济--概况--世界
电子资源:
ISBN:
000 00863nam0 2200265 45
001 0179007957
005 20060820112444.76
010    @dCNY0.94
091    @a4002.272
100    @a19950714d1979 em y0chiy0121 ea
101 1  @achi@ceng
102    @aCN@b110000
105    @ay z 000yy
200 10 @a苏联农业政策@Asu lian nong ye zheng ce@e趋向废除集体农庄@f(美)斯蒂芬·奥索夫斯基著@F(mei)si di fen·ao suo fu si ji zhu@g福建师范大学外语系译
210    @a北京@c三联书店@d1979
215    @a375页@d19cm
300    @a内部发行
517 1  @a趋向废除集体农庄@Aqu xiang fei chu ji ti nong zhuang
606    @a农业政策@y苏联
606 0  @a交通运输经济@x概况@x世界
690    @aF512.0@v4
701  0 @a索夫斯基@Asuo fu si ji@4著
712 02 @a福建师范大学外语系@Afu jian shi fan da xue wai yu xi@4译
801  0 @aCN@bTSSF@c20060820
905    @a10447@dF512.0@e15
    
    苏联农业政策:趋向废除集体农庄/(美)斯蒂芬·奥索夫斯基著/福建师范大学外语系译.-北京:三联书店,1979
    375页;19cm
    内部发行
    
    ISBN :CNY0.94
    
●
相关链接 在E读中查询图书 在五车中查询图书 在当当中查询图书 在豆瓣中查询图书


正题名:苏联农业政策     索取号:F512.0/15         预约/预借

序号 登录号 条形码 馆藏地/架位号 状态 备注
1 0014549   202157101   密集书库/ [索取号:F512.0/15] 在馆    
2 0471154   204711543   密集书库/ [索取号:F512.0/15] 在馆    
唐山师范学院图书馆 欢迎您!
大连网信软件有限公司© 版权所有